000 00279nam a2200121Ia 4500
005 20251222144646.0
008 251222s9999||||xx |||||||||||||| ||spa||
082 _a241.4/G27
100 _aGaspari, Luis
245 0 _aLibro del Amor
264 _bMadame L. Verhelst
942 _cLIB
999 _c16875
_d16875